| 000 -LEADER |
| fixed length control field |
01503cam a2200373 a 4500 |
| 001 - CONTROL NUMBER |
| control field |
14416818 |
| 003 - CONTROL NUMBER IDENTIFIER |
| control field |
NUST |
| 005 - DATE AND TIME OF LATEST TRANSACTION |
| control field |
20170516122926.0 |
| 008 - FIXED-LENGTH DATA ELEMENTS--GENERAL INFORMATION |
| fixed length control field |
060616s2006 enka b 001 0 eng d |
| 010 ## - LIBRARY OF CONGRESS CONTROL NUMBER |
| LC control number |
2006296675 |
| 020 ## - INTERNATIONAL STANDARD BOOK NUMBER |
| International Standard Book Number |
0750661852 |
| 035 ## - SYSTEM CONTROL NUMBER |
| System control number |
(OCoLC)ocm64107064 |
| 040 ## - CATALOGING SOURCE |
| Original cataloging agency |
ERL |
| Transcribing agency |
ERL |
| Modifying agency |
BAKER |
| -- |
ESU |
| -- |
IXA |
| -- |
DLC |
| 042 ## - AUTHENTICATION CODE |
| Authentication code |
lccopycat |
| 050 00 - LIBRARY OF CONGRESS CALL NUMBER |
| Classification number |
HD9715.A2 |
| Item number |
O15 2006 |
| 082 00 - DEWEY DECIMAL CLASSIFICATION NUMBER |
| Classification number |
624.0687 OAK |
| Edition number |
22 |
| 100 1# - MAIN ENTRY--PERSONAL NAME |
| Personal name |
Oakland, John S. |
| 9 (RLIN) |
867 |
| 245 10 - TITLE STATEMENT |
| Title |
Total quality in the construction supply chain / |
| Statement of responsibility, etc. |
John Oakland, Marton Marosszeky. |
| 250 ## - EDITION STATEMENT |
| Edition statement |
1st ed. |
| 260 ## - PUBLICATION, DISTRIBUTION, ETC. |
| Place of publication, distribution, etc. |
Oxford : |
| Name of publisher, distributor, etc. |
Butterworth-Heinemann, |
| Date of publication, distribution, etc. |
2006. |
| 300 ## - PHYSICAL DESCRIPTION |
| Extent |
ix, 527 p. : |
| Other physical details |
ill. ; |
| Dimensions |
25 cm. |
| 504 ## - BIBLIOGRAPHY, ETC. NOTE |
| Bibliography, etc. note |
Includes bibliographical references (p. 511-513) and index. |
| 650 #0 - SUBJECT ADDED ENTRY--TOPICAL TERM |
| Topical term or geographic name entry element |
Construction industry |
| General subdivision |
Quality control. |
| 9 (RLIN) |
868 |
| 650 #0 - SUBJECT ADDED ENTRY--TOPICAL TERM |
| Topical term or geographic name entry element |
Quality control. |
| 9 (RLIN) |
869 |
| 650 #0 - SUBJECT ADDED ENTRY--TOPICAL TERM |
| Topical term or geographic name entry element |
Production management |
| General subdivision |
Quality control. |
| 9 (RLIN) |
870 |
| 650 #0 - SUBJECT ADDED ENTRY--TOPICAL TERM |
| Topical term or geographic name entry element |
Quality assurance. |
| 9 (RLIN) |
871 |
| 650 #0 - SUBJECT ADDED ENTRY--TOPICAL TERM |
| Topical term or geographic name entry element |
Total quality management. |
| 9 (RLIN) |
872 |
| 650 #0 - SUBJECT ADDED ENTRY--TOPICAL TERM |
| Topical term or geographic name entry element |
Building materials |
| General subdivision |
Purchasing |
| -- |
Quality control. |
| 9 (RLIN) |
873 |
| 650 #0 - SUBJECT ADDED ENTRY--TOPICAL TERM |
| Topical term or geographic name entry element |
Business logistics |
| General subdivision |
Quality control. |
| 9 (RLIN) |
874 |
| 700 1# - ADDED ENTRY--PERSONAL NAME |
| Personal name |
Marosszeky, Marton. |
| 9 (RLIN) |
875 |
| 856 41 - ELECTRONIC LOCATION AND ACCESS |
| Materials specified |
Table of contents only |
| Uniform Resource Identifier |
<a href="http://www.loc.gov/catdir/toc/fy0613/2006296675.html">http://www.loc.gov/catdir/toc/fy0613/2006296675.html</a> |
| 856 42 - ELECTRONIC LOCATION AND ACCESS |
| Materials specified |
Publisher description |
| Uniform Resource Identifier |
<a href="http://www.loc.gov/catdir/enhancements/fy0661/2006296675-d.html">http://www.loc.gov/catdir/enhancements/fy0661/2006296675-d.html</a> |
| 906 ## - LOCAL DATA ELEMENT F, LDF (RLIN) |
| a |
7 |
| b |
cbc |
| c |
copycat |
| d |
2 |
| e |
ncip |
| f |
20 |
| g |
y-gencatlg |
| 942 ## - ADDED ENTRY ELEMENTS (KOHA) |
| Source of classification or shelving scheme |
|
| Koha item type |
Book |